[Event "EIBCC 2019"]
[Site "Tallinn"]
[Date "2019.12.07"]
[Round "11.29"]
[White "Muter, Donny"]
[Black "Kozak, Adam"]
[Result "1-0"]
[WhiteElo "2169"]
[BlackElo "2385"]
[Annotator "NA"]
[PlyCount "95"]
[EventDate "2019.12.06"]
[EventType "swiss"]
[EventCountry "EST"]
[SourceTitle "playchess.com"]
[Source "ChessBase"]
[SourceQuality "1"]

1. Nf3 d6 2. d4 Bg4 3. g3 c6 4. Bg2 Nd7 5. O-O e5 6. e4 Ngf6 7. h3 Bh5 8. Nc3 Qc7 9. Re1 Be7 10. Be3 O-O 11. Qd2 b5 12. Nh4 Bg6 13. Nxg6 hxg6 14. Rad1 a6 15. Nb1 Rfd8 16. c3 c5 17. dxe5 dxe5 18. Qe2 c4 19. b4 cxb3 20. axb3 Bc5 21. Bg5 Be7 22. Qc2 Nc5 23. b4 Ne6 24. Bxf6 gxf6 25. Qb3 Kg7 26. h4 Qc6 27. Qa2 Rxd1 28. Rxd1 Rd8 29. Rd5 Nc7 30. Rxd8 Bxd8 31. Bf3 Ne8 32. Qb3 Nd6 33. Nd2 Bb6 34. Kg2 Ba7 35. Qc2 Qb6 36. Nb3 Nc4 37. Qe2 Qd6 38. h5 Qb6 39. Nd2 Nd6 40. hxg6 fxg6 41. Nf1 Qc6 42. Qd3 Qb6 43. Ne3 Nc4 44. Qd7+ Kh6 45. Ng4+ Kg5 46. Qh7 Qxf2+ 47. Nxf2 Ne3+ 48. Kg1 1-0

[Event "EIBCC 2019"]
[Site "Tallinn"]
[Date "2019.12.07"]
[Round "11.30"]
[White "Mustaps, Matiss"]
[Black "Kanep, Siim"]
[Result "1-0"]
[WhiteElo "2361"]
[BlackElo "2166"]
[Annotator "NA"]
[PlyCount "85"]
[EventDate "2019.12.06"]
[EventType "swiss"]
[EventCountry "EST"]
[SourceTitle "playchess.com"]
[Source "ChessBase"]
[SourceQuality "1"]

1. e4 c5 2. Nf3 d6 3. d4 cxd4 4. Nxd4 Nf6 5. Nc3 a6 6. Bc4 e6 7. Bb3 Be7 8. g4 h6 9. Rg1 Nc6 10. Be3 Na5 11. Qd2 Nxb3 12. axb3 Bd7 13. h4 h5 14. g5 Ng4 15. f4 Qc7 16. O-O-O Rc8 17. Kb1 b5 18. f5 b4 19. Na4 e5 20. Rc1 Nxe3 21. Qxe3 exd4 22. Qxd4 Bxa4 23. Qxg7 Kd7 24. bxa4 Qc4 25. b3 Qc5 26. Qxf7 Qe5 27. f6 Rce8 28. fxe7 Rxe7 29. Qf1 Rc8 30. Qxa6 Qxe4 31. Qb5+ Kd8 32. g6 Rc3 33. Qb6+ Kd7 34. Qb5+ Kd8 35. Qb8+ Kd7 36. Qb5+ Kd8 37. Kb2 Qd4 38. Ka2 Qe4 39. Qa5+ Kd7 40. Qb5+ Kd8 41. Kb2 Qd4 42. Rgd1 Rxb3+ 43. Kxb3 1-0

[Event "EIBCC 2019"]
[Site "Tallinn"]
[Date "2019.12.07"]
[Round "11.30"]
[White "Kanep, Siim"]
[Black "Mustaps, Matiss"]
[Result "*"]
[WhiteElo "2166"]
[BlackElo "2361"]
[Annotator "NA"]
[PlyCount "36"]
[EventDate "2019.12.06"]
[EventType "swiss"]
[EventCountry "EST"]
[SourceTitle "playchess.com"]
[Source "ChessBase"]
[SourceQuality "1"]

1. e4 c5 2. Nf3 d6 3. d4 cxd4 4. Nxd4 Nf6 5. Nc3 a6 6. Bc4 e6 7. Bb3 Be7 8. g4 h6 9. Rg1 Nc6 10. Be3 Na5 11. Qd2 Nxb3 12. axb3 Bd7 13. h4 h5 14. g5 Ng4 15. f4 Qc7 16. O-O-O Rc8 17. Kb1 b5 18. f5 b4 *

[Event "EIBCC 2019"]
[Site "Tallinn"]
[Date "2019.12.07"]
[Round "11.31"]
[White "Duzhakov, Ilya"]
[Black "Askerov, Marat"]
[Result "1-0"]
[WhiteElo "2346"]
[BlackElo "2164"]
[Annotator "NA"]
[PlyCount "125"]
[EventDate "2019.12.06"]
[EventType "swiss"]
[EventCountry "EST"]
[SourceTitle "playchess.com"]
[Source "ChessBase"]
[SourceQuality "1"]

1. Nf3 c5 2. c4 Nc6 3. Nc3 g6 4. g3 Bg7 5. Bg2 e6 6. O-O Nge7 7. d3 d6 8. e4 O-O 9. Rb1 b6 10. a3 Bb7 11. Be3 Nd4 12. Bxd4 cxd4 13. Ne2 e5 14. Nd2 a5 15. b4 axb4 16. axb4 Qd7 17. Qb3 Bh6 18. f4 Kh8 19. Nf3 Bg7 20. c5 d5 21. fxe5 dxe4 22. Ng5 Bd5 23. Qd1 exd3 24. Qxd3 Bxe5 25. cxb6 h6 26. Ne4 Nf5 27. Nc5 Qc6 28. Bxd5 Qxd5 29. b7 Ra2 30. Rf2 Bd6 31. Rd1 Bxc5 32. bxc5 Qxb7 33. Nxd4 Rxf2 34. Kxf2 Qb2+ 35. Rd2 Qxd4+ 36. Qxd4+ Nxd4 37. Rxd4 Rc8 38. Rc4 Kg7 39. Ke3 Kf6 40. Kd4 Ke6 41. Rc1 Kd7 42. Kd5 Ra8 43. Re1 Ra2 44. c6+ Kd8 45. h4 Rd2+ 46. Kc5 Rc2+ 47. Kd5 Rd2+ 48. Ke5 Rc2 49. Kf6 Rf2+ 50. Kg7 h5 51. Re3 Kc7 52. Re7+ Kxc6 53. Rxf7 Rg2 54. Rf6+ Kd5 55. Rxg6 Ke5 56. Kh6 Kf5 57. Kxh5 Ra2 58. g4+ Kf4 59. Rf6+ Ke5 60. g5 Rh2 61. Ra6 Kf4 62. g6 Kg3 63. Ra4 1-0

[Event "EIBCC 2019"]
[Site "Tallinn"]
[Date "2019.12.07"]
[Round "11.31"]
[White "Askerov, Marat"]
[Black "Duzhakov, Ilya"]
[Result "*"]
[WhiteElo "2164"]
[BlackElo "2346"]
[Annotator "NA"]
[PlyCount "39"]
[EventDate "2019.12.06"]
[EventType "swiss"]
[EventCountry "EST"]
[SourceTitle "playchess.com"]
[Source "ChessBase"]
[SourceQuality "1"]

1. Nf3 c5 2. c4 Nc6 3. Nc3 g6 4. g3 Bg7 5. Bg2 e6 6. O-O Nge7 7. d3 d6 8. e4 O-O 9. Rb1 b6 10. a3 Bb7 11. Be3 Nd4 12. Bxd4 cxd4 13. Ne2 e5 14. Nd2 a5 15. b4 axb4 16. axb4 Qd7 17. Qb3 Bh6 18. f4 Kh8 19. Nf3 Bg7 20. c5 *

[Event "EIBCC 2019"]
[Site "Tallinn"]
[Date "2019.12.07"]
[Round "11.32"]
[White "Litwak, Aleksej"]
[Black "Stabulnieks, Klavs"]
[Result "0-1"]
[WhiteElo "2284"]
[BlackElo "2069"]
[Annotator "NA"]
[PlyCount "92"]
[EventDate "2019.12.06"]
[EventType "swiss"]
[EventCountry "EST"]
[SourceTitle "playchess.com"]
[Source "ChessBase"]
[SourceQuality "1"]

1. d4 d5 2. c4 e6 3. Nc3 c5 4. Nf3 Nc6 5. cxd5 exd5 6. g3 Nf6 7. Bg2 Be7 8. Bg5 O-O 9. O-O c4 10. Ne5 Be6 11. Rc1 Qa5 12. Nxc6 bxc6 13. Bd2 Qb6 14. e4 Qxd4 15. Qc2 Qd3 16. Bg5 Qxc2 17. Rxc2 d4 18. Nb1 d3 19. Rcc1 h6 20. Be3 Rab8 21. Bd4 Rfd8 22. Bc3 Bb4 23. Nd2 Bxc3 24. Rxc3 Rxb2 25. Nxc4 Rc2 26. Rxc2 dxc2 27. Ne3 Rd2 28. Rc1 Ng4 29. Nxc2 Nxf2 30. Nb4 Ng4 31. Nxc6 Rxa2 32. e5 Ne3 33. Be4 g6 34. Rb1 Ra4 35. Bd3 Ra3 36. Be4 Ng4 37. Rd1 Kg7 38. Rd8 Ra1+ 39. Kg2 Re1 40. Bf3 Nxe5 41. Ne7 Nxf3 42. Kxf3 h5 43. Nc6 Bg4+ 44. Kf4 a6 45. Ra8 Kf6 46. Rxa6 g5# 0-1

[Event "EIBCC 2019"]
[Site "Tallinn"]
[Date "2019.12.07"]
[Round "11.32"]
[White "Stabulnieks, Klavs"]
[Black "Litwak, Aleksej"]
[Result "*"]
[WhiteElo "2069"]
[BlackElo "2284"]
[Annotator "NA"]
[PlyCount "30"]
[EventDate "2019.12.06"]
[EventType "swiss"]
[EventCountry "EST"]
[SourceTitle "playchess.com"]
[Source "ChessBase"]
[SourceQuality "1"]

1. d4 d5 2. c4 e6 3. Nc3 c5 4. Nf3 Nc6 5. cxd5 exd5 6. g3 Nf6 7. Bg2 Be7 8. Bg5 O-O 9. O-O c4 10. Ne5 Be6 11. Rc1 Qa5 12. Nxc6 bxc6 13. Bd2 Qb6 14. e4 Qxd4 15. Qc2 Qd3 *

[Event "EIBCC 2019"]
[Site "Tallinn"]
[Date "2019.12.07"]
[Round "11.33"]
[White "Nazaretyan, Tigran"]
[Black "Samunenkov, Ihor"]
[Result "*"]
[WhiteElo "2277"]
[BlackElo "2062"]
[Annotator "NA"]
[PlyCount "27"]
[EventDate "2019.12.06"]
[EventType "swiss"]
[EventCountry "EST"]
[SourceTitle "playchess.com"]
[Source "ChessBase"]
[SourceQuality "1"]

1. e4 c5 2. Nf3 Nc6 3. d4 cxd4 4. Nxd4 Nf6 5. Nc3 d6 6. g3 e5 7. Nde2 Be6 8. Bg2 Be7 9. O-O h5 10. Nd5 h4 11. Nxe7 Qxe7 12. Bg5 h3 13. Bh1 Rh5 14. Qd2 *

[Event "EIBCC 2019"]
[Site "Tallinn"]
[Date "2019.12.07"]
[Round "11.33"]
[White "Samunenkov, Ihor"]
[Black "Nazaretyan, Tigran"]
[Result "0-1"]
[WhiteElo "2062"]
[BlackElo "2277"]
[Annotator "NA"]
[PlyCount "48"]
[EventDate "2019.12.06"]
[EventType "swiss"]
[EventCountry "EST"]
[SourceTitle "playchess.com"]
[Source "ChessBase"]
[SourceQuality "1"]

1. e4 c5 2. Nf3 Nc6 3. d4 cxd4 4. Nxd4 Nf6 5. Nc3 d6 6. g3 e5 7. Nde2 Be6 8. Bg2 Be7 9. O-O h5 10. Nd5 h4 11. Nxe7 Qxe7 12. Bg5 h3 13. Bh1 Rh5 14. Qd2 Nxe4 15. Bxe4 Rxg5 16. f4 Rh5 17. f5 Bc4 18. Rfd1 d5 19. Bd3 O-O-O 20. Bxc4 dxc4 21. Qe3 Rxf5 22. Rxd8+ Qxd8 23. Rf1 Qd5 24. Rf2 Qd1+ 0-1

[Event "EIBCC 2019"]
[Site "Tallinn"]
[Date "2019.12.07"]
[Round "11.34"]
[White "Reizniece-Ozola, Dana"]
[Black "Siniauski, Artsiom"]
[Result "0-1"]
[WhiteElo "2275"]
[BlackElo "2056"]
[Annotator "NA"]
[PlyCount "122"]
[EventDate "2019.12.06"]
[EventType "swiss"]
[EventCountry "EST"]
[SourceTitle "playchess.com"]
[Source "ChessBase"]
[SourceQuality "1"]

1. c4 Nf6 2. Nc3 d6 3. g3 e5 4. Bg2 Be7 5. Nf3 O-O 6. O-O c6 7. d4 Nbd7 8. e4 Qc7 9. h3 Re8 10. Be3 Bf8 11. Qc2 a6 12. Rad1 b5 13. cxb5 cxb5 14. dxe5 Nxe5 15. Nxe5 dxe5 16. Qd3 Bb7 17. Nd5 Bxd5 18. exd5 Rad8 19. Rc1 Qa5 20. Qb3 e4 21. Rfd1 Qb4 22. Qxb4 Bxb4 23. Rd4 Ba5 24. d6 Bb6 25. Rd2 Bxe3 26. fxe3 Rd7 27. Rc6 a5 28. Ra6 a4 29. Bf1 Red8 30. Bxb5 Rb7 31. Bxa4 g5 32. Bc6 Rbb8 33. d7 Kf8 34. Ba4 Ke7 35. Ra5 Nxd7 36. Bxd7 Rxd7 37. Re5+ Kd8 38. Rf2 f6 39. Rxe4 Rb6 40. a4 Rd1+ 41. Kg2 Ra1 42. Rd4+ Ke7 43. Rfd2 Ke6 44. R4d3 Rxa4 45. b3 Rab4 46. Rb2 Ke5 47. Kf3 h5 48. Rc3 g4+ 49. hxg4 hxg4+ 50. Ke2 Ke4 51. Rd3 Ke5 52. Kd2 Ke4 53. Rb1 Kf3 54. Rf1+ Kxg3 55. Kc2 Rc6+ 56. Kb2 Kg2 57. Rf5 g3 58. Ka3 Rb8 59. b4 Rc1 60. b5 Rb1 61. Ka4 Ra8# 0-1

[Event "EIBCC 2019"]
[Site "Tallinn"]
[Date "2019.12.07"]
[Round "11.34"]
[White "Siniauski, Artsiom"]
[Black "Reizniece-Ozola, Dana"]
[Result "*"]
[WhiteElo "2056"]
[BlackElo "2275"]
[Annotator "NA"]
[PlyCount "37"]
[EventDate "2019.12.06"]
[EventType "swiss"]
[EventCountry "EST"]
[SourceTitle "playchess.com"]
[Source "ChessBase"]
[SourceQuality "1"]

1. c4 Nf6 2. Nc3 d6 3. g3 e5 4. Bg2 Be7 5. Nf3 O-O 6. O-O c6 7. d4 Nbd7 8. e4 Qc7 9. h3 Re8 10. Be3 Bf8 11. Qc2 a6 12. Rad1 b5 13. cxb5 cxb5 14. dxe5 Nxe5 15. Nxe5 dxe5 16. Qd3 Bb7 17. Nd5 Bxd5 18. exd5 Rad8 19. Rc1 *

[Event "EIBCC 2019"]
[Site "Tallinn"]
[Date "2019.12.07"]
[Round "11.35"]
[White "Gretarsson, Helgi Ass"]
[Black "Medar, Marti"]
[Result "*"]
[WhiteElo "2523"]
[BlackElo "2218"]
[Annotator "ChessBase"]
[PlyCount "26"]
[EventDate "2019.12.06"]
[EventType "swiss"]
[EventCountry "EST"]
[SourceTitle "playchess.com"]
[Source "ChessBase"]
[SourceQuality "1"]

1. Nf3 e6 2. g3 b6 3. Bg2 Bb7 4. O-O d6 5. c4 Nd7 6. Nc3 g6 7. e4 Bg7 8. d4 Ne7 9. Re1 O-O 10. Be3 a5 11. Rc1 e5 12. Qd2 Nc6 13. b3 Rb8 *

[Event "EIBCC 2019"]
[Site "Tallinn"]
[Date "2019.12.07"]
[Round "11.35"]
[White "Medar, Marti"]
[Black "Gretarsson, Helgi Ass"]
[Result "1-0"]
[WhiteElo "2218"]
[BlackElo "2523"]
[Annotator "ChessBase"]
[PlyCount "71"]
[EventDate "2019.12.06"]
[EventType "swiss"]
[EventCountry "EST"]
[SourceTitle "playchess.com"]
[Source "ChessBase"]
[SourceQuality "1"]

1. Nf3 e6 2. g3 b6 3. Bg2 Bb7 4. O-O d6 5. c4 Nd7 6. Nc3 g6 7. e4 Bg7 8. d4 Ne7 9. Re1 O-O 10. Be3 a5 11. Rc1 e5 12. Qd2 Nc6 13. b3 Rb8 14. d5 Ne7 15. a3 Nc5 16. Rb1 f5 17. b4 Nxe4 18. Nxe4 fxe4 19. Ng5 Bc8 20. bxa5 Nf5 21. Nxe4 Nd4 22. Bxd4 exd4 23. axb6 cxb6 24. Ng5 Bf5 25. Rb3 Qc8 26. Qb4 d3 27. Ne6 Bxe6 28. dxe6 Bd4 29. Rf1 Kg7 30. Bd5 Qd8 31. Rxd3 Bc5 32. Qc3+ Kh6 33. Kg2 Qe7 34. f4 Rf5 35. g4 Rff8 36. Rh3+ 1-0

[Event "EIBCC 2019"]
[Site "Tallinn"]
[Date "2019.12.07"]
[Round "11.36"]
[White "Potapov, Pavel"]
[Black "Semjonovs, Ilja"]
[Result "*"]
[WhiteElo "2464"]
[BlackElo "2207"]
[Annotator "ChessBase"]
[PlyCount "34"]
[EventDate "2019.12.06"]
[EventType "swiss"]
[EventCountry "EST"]
[SourceTitle "playchess.com"]
[Source "ChessBase"]
[SourceQuality "1"]

1. e4 c5 2. c3 Nf6 3. e5 Nd5 4. Bc4 Nb6 5. Bb3 c4 6. Bc2 d6 7. exd6 e5 8. Nf3 Qxd6 9. O-O Be7 10. Re1 Nc6 11. b3 cxb3 12. axb3 O-O 13. Ba3 Qf6 14. Bxe7 Qxe7 15. d4 Bg4 16. Qd3 g6 17. Nxe5 Nxe5 *

[Event "EIBCC 2019"]
[Site "Tallinn"]
[Date "2019.12.07"]
[Round "11.36"]
[White "Semjonovs, Ilja"]
[Black "Potapov, Pavel"]
[Result "1-0"]
[WhiteElo "2207"]
[BlackElo "2464"]
[Annotator "ChessBase"]
[PlyCount "61"]
[EventDate "2019.12.06"]
[EventType "swiss"]
[EventCountry "EST"]
[SourceTitle "playchess.com"]
[Source "ChessBase"]
[SourceQuality "1"]

1. e4 c5 2. c3 Nf6 3. e5 Nd5 4. Bc4 Nb6 5. Bb3 c4 6. Bc2 d6 7. exd6 e5 8. Nf3 Qxd6 9. O-O Be7 10. Re1 Nc6 11. b3 cxb3 12. axb3 O-O 13. Ba3 Qf6 14. Bxe7 Qxe7 15. d4 Bg4 16. Qd3 g6 17. Nxe5 Nxe5 18. Rxe5 Qc7 19. Qg3 Be6 20. Nd2 Rac8 21. Rc5 Qxg3 22. hxg3 Rxc5 23. dxc5 Nc8 24. b4 Rd8 25. Nf3 Kf8 26. Nd4 Bc4 27. f3 Ke7 28. Kf2 Kf6 29. Be4 b6 30. cxb6 axb6 31. Ra8 1-0

[Event "EIBCC 2019"]
[Site "Tallinn"]
[Date "2019.12.07"]
[Round "12.1"]
[White "Demidov, Mikhail"]
[Black "Morozevich, Alexander"]
[Result "1-0"]
[WhiteElo "2631"]
[BlackElo "2712"]
[Annotator "TA"]
[PlyCount "63"]
[EventDate "2019.12.06"]
[EventType "swiss"]
[EventCountry "EST"]
[SourceTitle "playchess.com"]
[Source "ChessBase"]
[SourceQuality "1"]

1. d4 e6 2. Nf3 c5 3. e3 Nf6 4. c4 cxd4 5. exd4 d5 6. Nc3 Bb4 7. cxd5 Nxd5 8. Bd2 Nc6 9. Bd3 Be7 10. O-O O-O 11. a3 Nf6 12. Bg5 b6 13. Bc2 Bb7 14. Qd3 g6 15. Rfe1 Nd5 16. Bh6 Re8 17. Ne4 Rc8 18. Bb3 Bf8 19. Bxf8 Kxf8 20. Bxd5 exd5 21. Nc3 Rxe1+ 22. Rxe1 Rc7 23. Qd2 Kg7 24. h4 h6 25. Qf4 Rd7 26. Ne5 Re7 27. Re3 Qd6 28. Nb5 Qf6 29. Qxf6+ Kxf6 30. Nd6 Nxe5 31. Rxe5 Ba6 32. Ne8+ 1-0

[Event "EIBCC 2019"]
[Site "Tallinn"]
[Date "2019.12.07"]
[Round "12.2"]
[White "Lysyj, Igor"]
[Black "Esipenko, Andrey"]
[Result "1/2-1/2"]
[WhiteElo "2600"]
[BlackElo "2582"]
[Annotator "ChessBase"]
[PlyCount "61"]
[EventDate "2019.12.06"]
[EventType "swiss"]
[EventCountry "EST"]
[SourceTitle "playchess.com"]
[Source "ChessBase"]
[SourceQuality "1"]

1. d4 Nf6 2. c4 e6 3. Nf3 d5 4. g3 dxc4 5. Bg2 a6 6. O-O Nc6 7. Bg5 Rb8 8. Qc1 b5 9. e3 Be7 10. b3 h6 11. Bxf6 Bxf6 12. bxc4 O-O 13. cxb5 Nb4 14. Nbd2 axb5 15. a3 Nd5 16. Ne4 Bb7 17. Nc5 Ba8 18. Qc2 Re8 19. Rfd1 Nb6 20. Rab1 Nc4 21. Qc3 Nd6 22. a4 bxa4 23. Nxa4 Rxb1 24. Rxb1 Be4 25. Ra1 Bxf3 26. Bxf3 e5 27. Bc6 exd4 28. exd4 Rf8 29. Qd3 Qb8 30. Rb1 Qa7 31. Nc5 1/2-1/2

[Event "EIBCC 2019"]
[Site "Tallinn"]
[Date "2019.12.07"]
[Round "12.3"]
[White "Ladva, Ottomar"]
[Black "Guseinov, Gadir"]
[Result "1/2-1/2"]
[WhiteElo "2457"]
[BlackElo "2593"]
[Annotator "ChessBase"]
[PlyCount "111"]
[EventDate "2019.12.06"]
[EventType "swiss"]
[EventCountry "EST"]
[SourceTitle "playchess.com"]
[Source "ChessBase"]
[SourceQuality "1"]

1. Nf3 g6 2. d4 Bg7 3. e4 d6 4. Nc3 Nf6 5. Be3 c6 6. Qd2 b5 7. Bd3 Bg4 8. e5 b4 9. Ne4 Nxe4 10. Bxe4 Bxf3 11. Bxf3 dxe5 12. dxe5 Qxd2+ 13. Bxd2 Bxe5 14. Bxb4 Bxb2 15. Rb1 Bf6 16. Bc5 O-O 17. Rb7 Na6 18. Bxa7 Nb4 19. O-O Nxa2 20. Bxc6 Nc3 21. Bf3 Rac8 22. g3 Rfd8 23. Be3 e6 24. Kg2 Nd5 25. Bxd5 exd5 26. Rc1 d4 27. Bd2 Rc6 28. h4 Rdc8 29. Bh6 Rc3 30. Rd7 Rxc2 31. Rxc2 Rxc2 32. Bg5 Be5 33. Bh6 Bf6 34. Bg5 Bxg5 35. hxg5 Rd2 36. Rd8+ Kg7 37. Kf3 h6 38. gxh6+ Kxh6 39. Rd7 f5 40. g4 Kg5 41. gxf5 Kxf5 42. Rd5+ Ke6 43. Rg5 Kf6 44. Rd5 g5 45. Rd6+ Kf5 46. Rd5+ Kg6 47. Kg4 Rxf2 48. Rd6+ Rf6 49. Rxd4 Re6 50. Ra4 Kf6 51. Rb4 Rd6 52. Ra4 Kg6 53. Rb4 Rf6 54. Ra4 Rf4+ 55. Rxf4 gxf4 56. Kxf4 1/2-1/2

[Event "EIBCC 2019"]
[Site "Tallinn"]
[Date "2019.12.07"]
[Round "12.4"]
[White "Galopoulos, Nikolaos"]
[Black "Sargissian, Gabriel"]
[Result "0-1"]
[WhiteElo "2429"]
[BlackElo "2676"]
[Annotator "ChessBase"]
[PlyCount "103"]
[EventDate "2019.12.06"]
[EventType "swiss"]
[EventCountry "EST"]
[SourceTitle "playchess.com"]
[Source "ChessBase"]
[SourceQuality "1"]

1. d4 Nf6 2. c4 e6 3. Nc3 Bb4 4. Qc2 d6 5. Bg5 Nbd7 6. e3 b6 7. Bd3 Bb7 8. f3 c5 9. Nge2 cxd4 10. exd4 Rc8 11. O-O h6 12. Bh4 O-O 13. Ne4 d5 14. Nxf6+ Nxf6 15. b3 Be7 16. Rfd1 Qd7 17. Rac1 Rfd8 18. Bf2 Ba3 19. Rb1 a5 20. Nc3 Ba6 21. Na4 Qc7 22. c5 Bxd3 23. Qxd3 Nd7 24. cxb6 Nxb6 25. Be1 Nxa4 26. bxa4 Bd6 27. h3 Bh2+ 28. Kf1 Bg3 29. Bd2 Bf4 30. Be1 Bg3 31. Bd2 Re8 32. Rb5 Qc4 33. Ke2 Qxa2 34. Rxa5 Rc2 35. Rc5 Rb2 36. Rb5 Rc2 37. Rc5 Rxc5 38. dxc5 Qxa4 39. Rc1 Qc6 40. Be3 Ra8 41. Rc2 Bc7 42. Qc3 e5 43. Qb3 d4 44. Bf2 Ra5 45. Qc4 Ra3 46. Kf1 Ra4 47. Qd3 Qa6 48. Ke2 Qc6 49. Kf1 Ra5 50. Qc4 Ra1+ 51. Ke2 Ra4 52. Kf1 0-1

[Event "EIBCC 2019"]
[Site "Tallinn"]
[Date "2019.12.07"]
[Round "12.5"]
[White "Saric, Ante"]
[Black "Andriasian, Zaven"]
[Result "1/2-1/2"]
[WhiteElo "2577"]
[BlackElo "2766"]
[Annotator "TA"]
[PlyCount "78"]
[EventDate "2019.12.06"]
[EventType "swiss"]
[EventCountry "EST"]
[SourceTitle "playchess.com"]
[Source "ChessBase"]
[SourceQuality "1"]

1. Nf3 d5 2. d4 Nf6 3. c4 c6 4. Qb3 dxc4 5. Qxc4 Bf5 6. g3 e6 7. Bg2 Be7 8. O-O O-O 9. e3 Nbd7 10. Qe2 Qc7 11. Rd1 e5 12. Nc3 e4 13. Nh4 Bg4 14. f3 exf3 15. Bxf3 Bxf3 16. Nxf3 Rfe8 17. e4 c5 18. Bf4 Qb6 19. e5 cxd4 20. Na4 d3+ 21. Qf2 Qxf2+ 22. Kxf2 Ng4+ 23. Kf1 Bf8 24. Rxd3 Ndxe5 25. Nxe5 Nxe5 26. Bxe5 Rxe5 27. Rd7 b5 28. Nc3 g6 29. Re1 Rxe1+ 30. Kxe1 Bb4 31. Kd2 a6 32. a3 Bxc3+ 33. bxc3 Kg7 34. Rd6 h5 35. h4 Kf8 36. Rb6 Ke7 37. Kc2 Kd7 38. Rf6 Ke7 39. Rb6 Kd7 1/2-1/2

[Event "EIBCC 2019"]
[Site "Tallinn"]
[Date "2019.12.07"]
[Round "12.6"]
[White "Kulaots, Kaido"]
[Black "Mamedov, Rauf"]
[Result "1-0"]
[WhiteElo "2562"]
[BlackElo "2670"]
[Annotator "ChessBase"]
[PlyCount "113"]
[EventDate "2019.12.06"]
[EventType "swiss"]
[EventCountry "EST"]
[SourceTitle "playchess.com"]
[Source "ChessBase"]
[SourceQuality "1"]

1. e4 c5 2. Nc3 d6 3. Nf3 Nf6 4. e5 dxe5 5. Nxe5 a6 6. g3 Qd6 7. Nc4 Qc7 8. Bg2 Nc6 9. O-O Bg4 10. f3 Be6 11. d3 g6 12. Bf4 Qd8 13. Kh1 Bg7 14. Ne5 Nd4 15. Bd2 h5 16. Rf2 h4 17. g4 h3 18. Bf1 Nd5 19. Nc4 b5 20. Ne3 Nxe3 21. Bxe3 Qc7 22. Ne4 Bd5 23. c3 Ne6 24. Qe1 Kf8 25. a4 b4 26. cxb4 cxb4 27. Rc1 Qb7 28. Kg1 f5 29. Nc5 Nxc5 30. Bxc5 Kf7 31. d4 Bf6 32. Qe3 e6 33. g5 Bd8 34. Re1 Rh5 35. f4 Bc7 36. Be2 Rh4 37. Bd1 Be4 38. Qg3 Rah8 39. Qe3 Qb8 40. Ref1 Bg2 41. Re1 Bd5 42. Ref1 Bg2 43. Re1 Re8 44. Qg3 Bxf4 45. Rxf4 Qxf4 46. Qb3 Bd5 47. Qe3 Qxe3+ 48. Rxe3 Re4 49. Kf2 a5 50. Rxh3 Kg7 51. Bd6 Kf7 52. Be5 Ke7 53. Rh7+ Kd8 54. Be2 Bc6 55. Ba6 Bd7 56. Bf6+ Kc7 57. Bb5 1-0

[Event "EIBCC 2019"]
[Site "Tallinn"]
[Date "2019.12.07"]
[Round "12.7"]
[White "Postny, Evgeny"]
[Black "Sebenik, Matej"]
[Result "1-0"]
[WhiteElo "2661"]
[BlackElo "2457"]
[Annotator "ChessBase"]
[PlyCount "67"]
[EventDate "2019.12.06"]
[EventType "swiss"]
[EventCountry "EST"]
[SourceTitle "playchess.com"]
[Source "ChessBase"]
[SourceQuality "1"]

1. d4 Nf6 2. c4 e6 3. Nf3 d5 4. g3 Bb4+ 5. Bd2 Be7 6. Bg2 O-O 7. O-O c6 8. Qc2 Nbd7 9. Rd1 b6 10. b3 Ba6 11. a4 h6 12. a5 Bd6 13. Nc3 bxa5 14. e4 Bb4 15. e5 Ne8 16. Bf1 Nc7 17. Rdc1 Qe7 18. Na2 Bxd2 19. Qxd2 a4 20. cxd5 exd5 21. Bxa6 Nxa6 22. Rxc6 axb3 23. Rxa6 bxa2 24. Qxa2 Nb6 25. Rxa7 Rxa7 26. Qxa7 Qb4 27. Qa3 Qb5 28. Kg2 Ra8 29. Qc3 Rxa1 30. Qxa1 Qe2 31. Qe1 Qc2 32. Qd2 Qe4 33. Qf4 Qd3 34. e6 1-0

[Event "EIBCC 2019"]
[Site "Tallinn"]
[Date "2019.12.07"]
[Round "12.8"]
[White "Aleksandrov, Aleksej"]
[Black "Babula, Vlastimil"]
[Result "1/2-1/2"]
[WhiteElo "2416"]
[BlackElo "2605"]
[Annotator "ChessBase"]
[PlyCount "52"]
[EventDate "2019.12.06"]
[EventType "swiss"]
[EventCountry "EST"]
[SourceTitle "playchess.com"]
[Source "ChessBase"]
[SourceQuality "1"]

1. d4 Nf6 2. c4 e6 3. Nc3 Bb4 4. e3 O-O 5. Bd3 b6 6. Nge2 d5 7. a3 dxc4 8. Bxc4 Be7 9. O-O Bb7 10. b4 c5 11. dxc5 bxc5 12. b5 Nbd7 13. a4 Nb6 14. Bd3 a5 15. bxa6 Bxa6 16. Bxa6 Rxa6 17. e4 Qa8 18. Qc2 Qc6 19. Bg5 h6 20. Bh4 Rfa8 21. e5 Nfd5 22. Nxd5 Nxd5 23. Bxe7 Nxe7 24. Nc3 Nd5 25. Ra3 Nxc3 26. Rxc3 Qxa4 1/2-1/2

[Event "EIBCC 2019"]
[Site "Tallinn"]
[Date "2019.12.07"]
[Round "12.9"]
[White "Studer, Noel"]
[Black "Yuffa, Daniil"]
[Result "1-0"]
[WhiteElo "2394"]
[BlackElo "2582"]
[Annotator "ChessBase"]
[PlyCount "67"]
[EventDate "2019.12.06"]
[EventType "swiss"]
[EventCountry "EST"]
[SourceTitle "playchess.com"]
[Source "ChessBase"]
[SourceQuality "1"]

1. d4 Nf6 2. c4 g6 3. Nc3 Bg7 4. e4 d6 5. h3 O-O 6. Be3 e5 7. d5 a5 8. Nge2 Na6 9. g4 h5 10. f3 Nc5 11. Bg5 Qe8 12. Qd2 c6 13. Rg1 hxg4 14. hxg4 cxd5 15. cxd5 b5 16. Ng3 b4 17. Nb5 Qd7 18. Nf5 Nfxe4 19. fxe4 Nxe4 20. Ne7+ Qxe7 21. Bxe7 Nxd2 22. Kxd2 Re8 23. Nc7 Rxe7 24. Nxa8 e4 25. Rc1 Bd7 26. Nb6 Bd4 27. Nxd7 Bxg1 28. Nf6+ Kg7 29. g5 Bd4 30. Rc6 e3+ 31. Kd3 Bxb2 32. Rxd6 Bc1 33. Rd8 e2 34. Rg8# 1-0

[Event "EIBCC 2019"]
[Site "Tallinn"]
[Date "2019.12.07"]
[Round "12.11"]
[White "Pershin, Denis"]
[Black "Lintchevski, Daniil"]
[Result "0-1"]
[WhiteElo "2359"]
[BlackElo "2553"]
[Annotator "ChessBase"]
[PlyCount "92"]
[EventDate "2019.12.06"]
[EventType "swiss"]
[EventCountry "EST"]
[SourceTitle "playchess.com"]
[Source "ChessBase"]
[SourceQuality "1"]

1. d4 d5 2. c4 c6 3. Nc3 Nf6 4. Nf3 a6 5. e3 b5 6. cxd5 cxd5 7. Bd3 e6 8. O-O Bb7 9. a4 b4 10. Ne2 Bd6 11. Bd2 O-O 12. Nc1 Ne4 13. Nb3 Nd7 14. a5 f5 15. Qe2 g5 16. Ne1 g4 17. f4 gxf3 18. gxf3 Nxd2 19. Nxd2 Kh8 20. f4 Nf6 21. Nef3 Rg8+ 22. Kh1 Ne4 23. Bxe4 fxe4 24. Ne5 Qf6 25. Rg1 Qf5 26. Rxg8+ Rxg8 27. Rg1 Rxg1+ 28. Kxg1 Bxe5 29. fxe5 Qg5+ 30. Kf1 Bc8 31. Qf2 Qg7 32. Nb3 Bd7 33. Nc5 Bb5+ 34. Ke1 Kg8 35. Nxe6 Qh6 36. Qg3+ Kf7 37. Ng5+ Ke7 38. e6 Qh5 39. Qc7+ Kf6 40. Qd8+ Kg6 41. Qg8+ Kf5 42. Kf2 Qxg5 43. Qxh7+ Kxe6 44. h4 Qf5+ 45. Qxf5+ Kxf5 46. Kg3 b3 0-1